Statistics for Minecraft Gamemodes

Click here to take the quiz!

General Stats

  • This quiz has been taken 132 times
  • The average score is 4 of 6

Answer Stats

Answer% Correct
Creative
98%
Survival
96%
Adventure
83%
Spectator
82%
Hardcore
68%
Demo
8%

Score Distribution

Percentile by Number Answered

Percent of People with Each Score

Your Score History

You have not taken this quiz